000 00521nam a22002057a 4500
003 OSt
005 20260321124145.0
008 260321b |||||||| |||| 00| 0 eng d
020 _a978-81-264-3911-9
040 _cSBC
082 _a894.8123
_b RAM-A
100 _aRamakrishnan, TD
245 _aAlpha
260 _aKottyam
_bDC Books
_c2026
300 _a118p.
630 _xLiterature & rhetoric
650 _aLiteratures of other languages
650 _aAltaic, Uralic, Hyperborean & Dravidian
942 _cBOOK
999 _c137819
_d137819